[Event "Mitropa Cup (Women) 4th"]
[Site "Szeged"]
[Date "2007.05.16"]
[Round "9"]
[White "Varholakova, Nikoleta"]
[Black "Ignacz, Maria"]
[Result "1/2-1/2"]
[WhiteElo "2180"]
[BlackElo "2238"]
[PlyCount "71"]
[EventDate "2007.05.08"]
[EventType "team-tourn"]
[EventRounds "9"]
[EventCountry "HUN"]
[Source "ChessBase"]
[SourceDate "2007.07.04"]

1. e4 c5 2. Nf3 a6 3. d4 cxd4 4. Nxd4 Nf6 5. Nc3 e5 6. Nb3 Bb4 7. Bd3 d5 8.
exd5 e4 9. Be2 Nxd5 10. Qd4 O-O 11. O-O Bxc3 12. bxc3 Nc6 13. Qxe4 Nxc3 14. Qf3
Nxe2+ 15. Qxe2 Re8 16. Qf3 Qd6 17. Bb2 Qg6 18. Rfe1 Bf5 19. Qc3 Bxc2 20. Nc5 b6
21. Nxa6 Rec8 22. Nb4 Nxb4 23. Qxb4 h5 24. Re3 Ra4 25. Qd2 Rg4 26. f3 Rgc4 27.
Rc3 Rxc3 28. Bxc3 Bf5 29. Rc1 Kh7 30. Qf4 Be6 31. a3 Rc4 32. Qd2 Bf5 33. Bb4
Rxc1+ 34. Qxc1 Bh3 35. Qd2 Bf5 36. Qd4 1/2-1/2

[Event "Mitropa Cup (Women) 4th"]
[Site "Szeged"]
[Date "2007.05.16"]
[Round "9"]
[White "Winkelmann, Elena"]
[Black "Toth, Lili"]
[Result "1-0"]
[WhiteElo "2114"]
[BlackElo "2251"]
[PlyCount "93"]
[EventDate "2007.05.08"]
[EventType "team-tourn"]
[EventRounds "9"]
[EventCountry "HUN"]
[Source "ChessBase"]
[SourceDate "2007.07.04"]

1. d4 Nf6 2. c4 e6 3. Nf3 Bb4+ 4. Nbd2 b6 5. a3 Bxd2+ 6. Qxd2 Ne4 7. Qc2 Bb7 8.
g3 O-O 9. Bg2 f5 10. O-O Qc8 11. b4 d6 12. Bb2 Nd7 13. Nd2 Nxd2 14. Qxd2 Bxg2
15. Kxg2 Nf6 16. f3 Qe8 17. Rae1 Qg6 18. Bc1 h6 19. Qd3 e5 20. e4 f4 21. c5
Rae8 22. cxd6 cxd6 23. dxe5 dxe5 24. Rd1 Nh5 25. g4 Nf6 26. Qb3+ Kh8 27. Rd6
Qg5 28. Bd2 h5 29. h3 h4 30. Bc3 Nh5 31. Rfd1 Ng3 32. Qd5 Qe7 33. Rd7 Qe6 34.
Qxe6 Rxe6 35. R1d2 Rc8 36. Bb2 a6 37. R7d5 Rce8 38. Rc2 R8e7 39. a4 Kg8 40. b5
axb5 41. axb5 Kf7 42. Kf2 Kf6 43. Rc6 Ra7 44. Bxe5+ Ke7 45. Rxe6+ Kxe6 46. Bxf4
Ra2+ 47. Rd2 1-0

[Event "Mitropa Cup 26th"]
[Site "Szeged"]
[Date "2007.05.08"]
[Round "1"]
[White "Borgo, Giulio"]
[Black "Loetscher, Roland"]
[Result "1-0"]
[WhiteElo "2418"]
[BlackElo "2386"]
[PlyCount "185"]
[EventDate "2007.05.08"]
[EventType "team-tourn"]
[EventRounds "9"]
[EventCountry "HUN"]
[Source "ChessBase"]
[SourceDate "2007.07.04"]

1. Nf3 Nf6 2. c4 c5 3. Nc3 g6 4. d4 cxd4 5. Nxd4 Nc6 6. e4 Nxd4 7. Qxd4 d6 8.
Bg5 Bg7 9. Qd2 O-O 10. Be2 Be6 11. Rc1 Qa5 12. f3 Rfc8 13. b3 Rab8 14. Nb5
Qxd2+ 15. Kxd2 a6 16. Nc3 Kf8 17. Rc2 Nd7 18. Rhc1 Bd4 19. h4 h5 20. Nd5 Bxd5
21. cxd5 Rxc2+ 22. Rxc2 Ke8 23. f4 Nc5 24. e5 f6 25. exf6 exf6 26. Rc4 Ba1 27.
Bh6 f5 28. b4 Ne4+ 29. Ke3 Kd7 30. Bf3 Nf6 31. Rc1 Bb2 32. Rb1 Ng8 33. Rxb2
Nxh6 34. Kd4 Re8 35. Rb1 Ng8 36. a4 Nf6 37. a5 Ke7 38. Re1+ Kd8 39. Rd1 Re7 40.
Rb1 Kc7 41. Rc1+ Kb8 42. Kd3 Ne8 43. Kd2 Nc7 44. Rh1 Re8 45. Rh3 Rf8 46. Rg3
Rf6 47. Kd3 Kc8 48. Kc4 Kd7 49. Bd1 Kd8 50. Ba4 Kc8 51. b5 axb5+ 52. Bxb5 Kd8
53. Ba4 Kc8 54. Kd4 Kd8 55. Rb3 Kc8 56. Rg3 Kd8 57. Kc4 Kc8 58. Bb3 Kd8 59. Kb4
Kd7 60. Bc4 Kc8 61. Ka4 Kd8 62. a6 bxa6 63. Ka5 Ke7 64. Kb6 Kd7 65. Bb3 Kd8 66.
Kc6 Nb5 67. Ba4 Na7+ 68. Kb7 Nc8 69. Bc6 Rf7+ 70. Kb8 Ne7 71. Re3 Rf6 72. Re2
a5 73. Re3 Rf8 74. Re6 Nxd5 75. Bxd5 Kd7+ 76. Kb7 Rc8 77. Rxg6 Rc5 78. Rg7+ Ke8
79. Bc6+ Kf8 80. Rd7 Rc4 81. Rxd6 Rxf4 82. g3 Rg4 83. Rf6+ Kg7 84. Rxf5 Rxg3
85. Rxh5 Rg4 86. Bd7 Re4 87. Bf5 Rf4 88. Rh7+ Kg8 89. Bg6 a4 90. h5 a3 91. Re7
Ra4 92. h6 Rh4 93. Re8# 1-0

[Event "Mitropa Cup 26th"]
[Site "Szeged"]
[Date "2007.05.08"]
[Round "1"]
[White "Bosiocic, Marin"]
[Black "Varga, Zoltan"]
[Result "1/2-1/2"]
[WhiteElo "2484"]
[BlackElo "2499"]
[PlyCount "40"]
[EventDate "2007.05.08"]
[EventType "team-tourn"]
[EventRounds "9"]
[EventCountry "HUN"]
[Source "ChessBase"]
[SourceDate "2007.07.04"]

1. d4 d5 2. c4 dxc4 3. Nf3 Nf6 4. e3 e6 5. Bxc4 a6 6. O-O b5 7. Bb3 c5 8. a4
Bb7 9. axb5 axb5 10. Rxa8 Bxa8 11. Na3 c4 12. Bc2 Bxa3 13. bxa3 O-O 14. Ne5 Nc6
15. Nxc6 Bxc6 16. f3 Nd5 17. Qd2 f5 18. e4 fxe4 19. Bxe4 Qd6 20. Bxd5 Bxd5
1/2-1/2

[Event "Mitropa Cup 26th"]
[Site "Szeged"]
[Date "2007.05.08"]
[Round "1"]
[White "Feller, Sebastien"]
[Black "Sebenik, Matej"]
[Result "1-0"]
[WhiteElo "2445"]
[BlackElo "2483"]
[PlyCount "73"]
[EventDate "2007.05.08"]
[EventType "team-tourn"]
[EventRounds "9"]
[EventCountry "HUN"]
[Source "ChessBase"]
[SourceDate "2007.07.04"]

1. Nf3 d6 2. d4 g6 3. c4 Bg7 4. Nc3 Bg4 5. g3 Nf6 6. Bg2 O-O 7. O-O Nc6 8. d5
Na5 9. Nd2 c5 10. Rb1 a6 11. b3 Rb8 12. Bb2 b5 13. h3 Bd7 14. Qc2 h5 15. Ba1
Nh7 16. e4 Qc8 17. Kh2 h4 18. gxh4 bxc4 19. bxc4 Rb4 20. Qd3 Rxb1 21. Qxb1 Qc7
22. f4 Bf6 23. Qd3 Bxh4 24. Nf3 Bf6 25. Re1 Rb8 26. Kh1 Rb4 27. e5 Bf5 28. Ne4
Bxe4 29. Rxe4 Bg7 30. Bc3 Rb8 31. Re1 Nb7 32. h4 Qc8 33. e6 Bxc3 34. Qxc3 Nd8
35. Bh3 fxe6 36. Rxe6 Rb1+ 37. Kg2 1-0

[Event "Mitropa Cup 26th"]
[Site "Szeged"]
[Date "2007.05.08"]
[Round "1"]
[White "Gaehler, Marco"]
[Black "Mogranzini, Roberto"]
[Result "0-1"]
[WhiteElo "2223"]
[BlackElo "2421"]
[PlyCount "64"]
[EventDate "2007.05.08"]
[EventType "team-tourn"]
[EventRounds "9"]
[EventCountry "HUN"]
[Source "ChessBase"]
[SourceDate "2007.07.04"]

1. e4 c5 2. Nf3 e6 3. d4 cxd4 4. Nxd4 a6 5. Bd3 Qc7 6. O-O Nf6 7. Nc3 Nc6 8.
Nxc6 dxc6 9. Bg5 e5 10. Bxf6 gxf6 11. Qf3 Be6 12. Qxf6 Rg8 13. Qf3 Bc5 14. Na4
Bd4 15. c3 Ba7 16. c4 Bg4 17. Qg3 O-O-O 18. b4 Qd7 19. Bc2 Bh3 20. gxh3 Rxg3+
21. hxg3 Qd2 22. Bb3 Bd4 23. Rad1 Qxb4 24. Rc1 Qd2 25. Kg2 Rg8 26. c5 Qf4 27.
Kh2 Qxe4 28. Bxf7 Rf8 29. Rce1 Qc2 30. Nb6+ Kc7 31. Rc1 Qe2 32. Rce1 Qf3 0-1

[Event "Mitropa Cup 26th"]
[Site "Szeged"]
[Date "2007.05.08"]
[Round "1"]
[White "Kurmann, Oliver"]
[Black "Brunello, Sabino"]
[Result "0-1"]
[WhiteElo "2433"]
[BlackElo "2454"]
[PlyCount "80"]
[EventDate "2007.05.08"]
[EventType "team-tourn"]
[EventRounds "9"]
[EventCountry "HUN"]
[Source "ChessBase"]
[SourceDate "2007.07.04"]

1. e4 e5 2. Nf3 Nc6 3. Bc4 Bc5 4. c3 Nf6 5. d3 a6 6. Bb3 d6 7. Nbd2 Ba7 8. Nf1
Be6 9. Ng3 h6 10. h3 d5 11. Qe2 O-O 12. O-O dxe4 13. dxe4 Qe7 14. Nh2 Na5 15.
Bxe6 Qxe6 16. Qf3 Nc4 17. Ng4 Nxg4 18. hxg4 Rfd8 19. Qe2 b5 20. b3 Nd6 21. g5
Qg6 22. Qg4 f6 23. Re1 hxg5 24. Be3 Qe8 25. Rad1 Bxe3 26. Rxe3 Nb7 27. Red3
Rxd3 28. Rxd3 Nc5 29. Rd5 Ne6 30. Nf5 Rd8 31. Rxd8 Nxd8 32. Qd1 Ne6 33. Qd5 Kf7
34. g3 g6 35. Nh6+ Ke7 36. Qb7 Qd7 37. Qxa6 g4 38. Qa8 Ng5 39. Kg2 Qd3 40. Qa3+
Kd7 0-1

[Event "Mitropa Cup 26th"]
[Site "Szeged"]
[Date "2007.05.08"]
[Round "1"]
[White "Naumann, Alexander"]
[Black "Tibensky, Robert"]
[Result "1-0"]
[WhiteElo "2543"]
[BlackElo "2422"]
[PlyCount "59"]
[EventDate "2007.05.08"]
[EventType "team-tourn"]
[EventRounds "9"]
[EventCountry "HUN"]
[Source "ChessBase"]
[SourceDate "2007.07.04"]

1. d4 Nf6 2. Nf3 c5 3. d5 e6 4. Nc3 b5 5. Bg5 b4 6. Ne4 Bb7 7. Bxf6 gxf6 8. c4
f5 9. Ng3 h5 10. h4 Qf6 11. Qc2 Na6 12. e4 O-O-O 13. Bd3 Kb8 14. Qe2 fxe4 15.
Bxe4 Bd6 16. dxe6 Bxg3 17. Bxb7 Kxb7 18. fxg3 fxe6 19. Ng5 Qg6 20. O-O Rhf8 21.
Rad1 Kc8 22. Qe5 Rf5 23. Qd6 Nc7 24. Rxf5 Qxf5 25. Rf1 Qc2 26. Nf7 Rg8 27. Ne5
Rd8 28. Rd1 Qxb2 29. Nc6 Rh8 30. Qxd7+ 1-0

[Event "Mitropa Cup 26th"]
[Site "Szeged"]
[Date "2007.05.08"]
[Round "1"]
[White "Petr, Martin"]
[Black "Kreisl, Robert"]
[Result "1/2-1/2"]
[WhiteElo "2443"]
[BlackElo "2289"]
[PlyCount "119"]
[EventDate "2007.05.08"]
[EventType "team-tourn"]
[EventRounds "9"]
[EventCountry "HUN"]
[Source "ChessBase"]
[SourceDate "2007.07.04"]

1. e4 c5 2. c3 d5 3. exd5 Qxd5 4. d4 Nc6 5. Nf3 cxd4 6. cxd4 Bg4 7. Nc3 Bxf3 8.
gxf3 Qxd4 9. Qxd4 Nxd4 10. Nb5 Nc2+ 11. Kd1 Rc8 12. Nxa7 Rc5 13. b4 Nxb4 14.
Rb1 e6 15. Bd2 Nd5 16. Rxb7 Bd6 17. Nb5 Be5 18. f4 Nxf4 19. Bb4 Rd5+ 20. Kc2
Rd7 21. Nd6+ Bxd6 22. Bb5 Bxb4 23. Rxd7 Kf8 24. Kb3 Be7 25. Rc1 g5 26. Rc8+ Kg7
27. a4 Nd5 28. a5 Ngf6 29. Rxh8 Nxd7 30. Rc8 Nc5+ 31. Kb2 Bf6+ 32. Kc2 Bd4 33.
f3 Nb7 34. Kd3 Nd6 35. Kxd4 Nxc8 36. Kc5 Kf6 37. Bc4 Ke5 38. Kc6 Nb4+ 39. Kc5
Nd5 40. Kc6 Nce7+ 41. Kd7 Kd4 42. Bb3 Kc5 43. Ke8 f5 44. Kf7 e5 45. Bc2 Kd6 46.
a6 Nc7 47. a7 h6 48. Kg7 h5 49. Kf6 g4 50. fxg4 hxg4 51. Bxf5 Nxf5 52. Kxf5 Kd5
53. Kxg4 e4 54. Kg3 Ke5 55. Kf2 Kf4 56. Ke2 Na8 57. Kf2 Nc7 58. h4 Na8 59. h5
Kg5 60. Ke3 1/2-1/2

[Event "Mitropa Cup 26th"]
[Site "Szeged"]
[Date "2007.05.08"]
[Round "1"]
[White "Pinter, Erik"]
[Black "Meier, Georg"]
[Result "1/2-1/2"]
[WhiteElo "2394"]
[BlackElo "2506"]
[PlyCount "34"]
[EventDate "2007.05.08"]
[EventType "team-tourn"]
[EventRounds "9"]
[EventCountry "HUN"]
[Source "ChessBase"]
[SourceDate "2007.07.04"]

1. e4 c5 2. Nf3 Nf6 3. e5 Nd5 4. Nc3 e6 5. Nxd5 exd5 6. d4 Nc6 7. dxc5 Bxc5 8.
Bd3 d6 9. exd6 Qxd6 10. O-O O-O 11. c3 Re8 12. Qa4 h6 13. Qh4 Ne5 14. Nxe5 Qxe5
15. Bd2 Bd7 16. Rfe1 Qd6 17. Rxe8+ Rxe8 1/2-1/2

[Event "Mitropa Cup 26th"]
[Site "Szeged"]
[Date "2007.05.08"]
[Round "1"]
[White "Sakelsek, Tadej"]
[Black "Marzolo, Cyril"]
[Result "1/2-1/2"]
[WhiteElo "2487"]
[BlackElo "2459"]
[PlyCount "51"]
[EventDate "2007.05.08"]
[EventType "team-tourn"]
[EventRounds "9"]
[EventCountry "HUN"]
[Source "ChessBase"]
[SourceDate "2007.07.04"]

1. e4 e6 2. d4 d5 3. Nd2 c5 4. exd5 Qxd5 5. Ngf3 cxd4 6. Bc4 Qd6 7. O-O Nf6 8.
Nb3 Nc6 9. Nbxd4 Nxd4 10. Nxd4 a6 11. Bb3 Bd7 12. c3 Qc7 13. Qf3 Bd6 14. h3 h6
15. Be3 O-O-O 16. c4 Kb8 17. c5 Bh2+ 18. Kh1 Be5 19. Rfd1 h5 20. Bg5 Qxc5 21.
Rac1 Qa5 22. Bd2 Qb6 23. Be3 Qa5 24. Bd2 Qb6 25. Be3 Qa5 26. Bd2 1/2-1/2

[Event "Mitropa Cup 26th"]
[Site "Szeged"]
[Date "2007.05.08"]
[Round "1"]
[White "Saric, Ante"]
[Black "Ruck, Robert"]
[Result "1/2-1/2"]
[WhiteElo "2496"]
[BlackElo "2534"]
[PlyCount "47"]
[EventDate "2007.05.08"]
[EventType "team-tourn"]
[EventRounds "9"]
[EventCountry "HUN"]
[Source "ChessBase"]
[SourceDate "2007.07.04"]

1. d4 d5 2. c4 c6 3. e3 Nf6 4. Nf3 Bg4 5. Nc3 e6 6. h3 Bxf3 7. Qxf3 Bb4 8. Bd3
Nbd7 9. Bd2 O-O 10. a3 Bd6 11. O-O Re8 12. Qd1 dxc4 13. Bxc4 Qe7 14. Qc2 e5 15.
Rad1 Nb6 16. Ba2 Rad8 17. Bc1 exd4 18. Rxd4 Be5 19. Rxd8 Rxd8 20. Rd1 Rxd1+ 21.
Qxd1 Nbd7 22. Qc2 a6 23. Bc4 b5 24. Be2 1/2-1/2

[Event "Mitropa Cup 26th"]
[Site "Szeged"]
[Date "2007.05.08"]
[Round "1"]
[White "Schachinger, Mario"]
[Black "Priborsky, Ivo"]
[Result "1/2-1/2"]
[WhiteElo "2249"]
[BlackElo "2370"]
[PlyCount "37"]
[EventDate "2007.05.08"]
[EventType "team-tourn"]
[EventRounds "9"]
[EventCountry "HUN"]
[Source "ChessBase"]
[SourceDate "2007.07.04"]

1. e4 c5 2. Nf3 d6 3. d4 Nf6 4. Nc3 cxd4 5. Nxd4 a6 6. Be3 Ng4 7. Bc1 Nf6 8.
Be3 e5 9. Nb3 Be6 10. Qd2 Be7 11. f3 O-O 12. O-O-O Nbd7 13. g4 Nb6 14. g5 Nh5
15. Rg1 Rc8 16. Kb1 g6 17. h4 Qc7 18. Qf2 Nc4 19. Bxc4 1/2-1/2

[Event "Mitropa Cup 26th"]
[Site "Szeged"]
[Date "2007.05.08"]
[Round "1"]
[White "Skoberne, Jure"]
[Black "Le Roux, Jean Pierre"]
[Result "1/2-1/2"]
[WhiteElo "2440"]
[BlackElo "2447"]
[PlyCount "48"]
[EventDate "2007.05.08"]
[EventType "team-tourn"]
[EventRounds "9"]
[EventCountry "HUN"]
[Source "ChessBase"]
[SourceDate "2007.07.04"]

1. c4 Nf6 2. g3 c6 3. Nf3 d5 4. b3 Bg4 5. Bg2 e6 6. O-O Nbd7 7. Bb2 Bd6 8. d3
Bxf3 9. Bxf3 h5 10. cxd5 cxd5 11. Nc3 h4 12. e4 hxg3 13. hxg3 dxe4 14. dxe4 Be5
15. Rc1 O-O 16. Kg2 Rc8 17. Rh1 Qa5 18. Qe1 Rfd8 19. a3 Qb6 20. b4 a5 21. Na4
Qb5 22. Nc3 Qb6 23. Na4 Qb5 24. Nc3 Qb6 1/2-1/2

[Event "Mitropa Cup 26th"]
[Site "Szeged"]
[Date "2007.05.08"]
[Round "1"]
[White "Smolen, Jan"]
[Black "Brener, Ilja"]
[Result "1/2-1/2"]
[WhiteElo "2327"]
[BlackElo "2413"]
[PlyCount "103"]
[EventDate "2007.05.08"]
[EventType "team-tourn"]
[EventRounds "9"]
[EventCountry "HUN"]
[Source "ChessBase"]
[SourceDate "2007.07.04"]

1. d4 Nf6 2. c4 e6 3. Nc3 Bb4 4. a3 Bxc3+ 5. bxc3 O-O 6. f3 Ne8 7. e4 b6 8. Bd3
Ba6 9. Nh3 Nc6 10. e5 f6 11. Qe2 Na5 12. Rb1 c5 13. dxc5 Rc8 14. cxb6 axb6 15.
Rb4 Qc7 16. Bf4 Qc6 17. O-O Bxc4 18. Rd1 Bxd3 19. Qxd3 fxe5 20. Bxe5 Nc4 21.
Bd4 e5 22. Bf2 Nf6 23. Bh4 Rc7 24. Bxf6 gxf6 25. Nf2 Nxa3 26. Rg4+ Kh8 27. Rh4
f5 28. g4 Nc4 29. gxf5 d6 30. Qe4 Qxe4 31. Nxe4 Ne3 32. Rd3 Nxf5 33. Rg4 d5 34.
Ng3 Ne7 35. Rg5 Ng6 36. Nh5 Rc5 37. f4 Nxf4 38. Nxf4 exf4 39. Rgxd5 Rxd5 40.
Rxd5 Kg7 41. Kf2 Kg6 42. Kf3 Rf6 43. Rb5 h6 44. h3 Rc6 45. Kxf4 Rc4+ 46. Ke5
Rxc3 47. Rxb6+ Kh5 48. Kf4 Rxh3 49. Ra6 Rh1 50. Kg3 Rg1+ 51. Kh2 Rg5 52. Ra3
1/2-1/2

[Event "Mitropa Cup 26th"]
[Site "Szeged"]
[Date "2007.05.08"]
[Round "1"]
[White "Wirig, Anthony"]
[Black "Borisek, Jure"]
[Result "1/2-1/2"]
[WhiteElo "2443"]
[BlackElo "2519"]
[PlyCount "43"]
[EventDate "2007.05.08"]
[EventType "team-tourn"]
[EventRounds "9"]
[EventCountry "HUN"]
[Source "ChessBase"]
[SourceDate "2007.07.04"]

1. d4 d5 2. Nf3 Nf6 3. c4 dxc4 4. Nc3 a6 5. e4 b5 6. e5 Nd5 7. a4 e6 8. axb5
Nb6 9. Be3 Bb7 10. bxa6 Rxa6 11. Rxa6 Nxa6 12. Be2 Be7 13. O-O Nb4 14. Nd2 Qa8
15. f3 Ba6 16. Nde4 O-O 17. Qd2 Bb7 18. Bg5 Bxg5 19. Qxg5 Qd8 20. Qd2 Bxe4 21.
Nxe4 Qe7 22. Rc1 1/2-1/2

[Event "Mitropa Cup 26th"]
[Site "Szeged"]
[Date "2007.05.09"]
[Round "2"]
[White "Bogner, Sebastian"]
[Black "Le Roux, Jean Pierre"]
[Result "0-1"]
[WhiteElo "2345"]
[BlackElo "2447"]
[PlyCount "78"]
[EventDate "2007.05.08"]
[EventType "team-tourn"]
[EventRounds "9"]
[EventCountry "HUN"]
[Source "ChessBase"]
[SourceDate "2007.07.04"]

1. Nf3 Nf6 2. c4 c6 3. Nc3 d5 4. cxd5 cxd5 5. d4 Nc6 6. Bf4 Qb6 7. Na4 Qa5+ 8.
Bd2 Qd8 9. e3 e6 10. Bd3 Bd6 11. O-O O-O 12. Rc1 Qe7 13. Bb5 Bd7 14. Nc5 Nxd4
15. Nxd7 Nxf3+ 16. Qxf3 Nxd7 17. Bc3 Nc5 18. Rfd1 a6 19. Bf1 Rac8 20. Bd4 Ne4
21. Bd3 Rxc1 22. Rxc1 e5 23. Bb6 Nf6 24. Bf5 g6 25. Bc8 e4 26. Qh3 Be5 27. b3
Qa3 28. Rf1 Qb4 29. Ba7 Qc3 30. Bg4 Ra8 31. Bb6 Qb4 32. Bd4 Bxd4 33. exd4 Qxd4
34. Rd1 Qb2 35. Qg3 Re8 36. h4 h5 37. Bh3 d4 38. Qc7 d3 39. Bd7 Qc2 0-1

[Event "Mitropa Cup 26th"]
[Site "Szeged"]
[Date "2007.05.09"]
[Round "2"]
[White "Doric, Darko"]
[Black "Smolen, Jan"]
[Result "1/2-1/2"]
[WhiteElo "2482"]
[BlackElo "2327"]
[PlyCount "90"]
[EventDate "2007.05.08"]
[EventType "team-tourn"]
[EventRounds "9"]
[EventCountry "HUN"]
[Source "ChessBase"]
[SourceDate "2007.07.04"]

1. d4 d5 2. c4 e6 3. Nc3 c6 4. Nf3 dxc4 5. a4 Bb4 6. e3 b5 7. Bd2 a5 8. axb5
Bxc3 9. Bxc3 cxb5 10. b3 Bb7 11. bxc4 b4 12. Bb2 Nf6 13. Bd3 Nbd7 14. O-O O-O
15. Re1 Ne4 16. Nd2 Nxd2 17. Qxd2 Qc7 18. c5 f5 19. f3 Nf6 20. Bc4 Bd5 21. Bb5
Bc6 22. Ba4 Rfb8 23. Qc2 Qb7 24. Bxc6 Qxc6 25. Qa4 Qc7 26. Qb3 Qc6 27. Ra4 Qd5
28. Qxd5 Nxd5 29. Kf2 Kf7 30. Ke2 Ke7 31. Rea1 Rb5 32. Kd3 Kd7 33. e4 fxe4+ 34.
fxe4 Nf6 35. Kc4 Kc6 36. Re1 Rd8 37. g4 e5 38. g5 exd4 39. gxf6 Rxc5+ 40. Kb3
gxf6 41. Rd1 Kb5 42. Rda1 Kb6 43. R4a2 f5 44. exf5 Rxf5 45. Ka4 Rfd5 1/2-1/2

[Event "Mitropa Cup 26th"]
[Site "Szeged"]
[Date "2007.05.09"]
[Round "2"]
[White "Feller, Sebastien"]
[Black "Kraemer, Martin"]
[Result "1/2-1/2"]
[WhiteElo "2445"]
[BlackElo "2424"]
[PlyCount "87"]
[EventDate "2007.05.08"]
[EventType "team-tourn"]
[EventRounds "9"]
[EventCountry "HUN"]
[Source "ChessBase"]
[SourceDate "2007.07.04"]

1. Nf3 Nf6 2. c4 e6 3. Nc3 b6 4. g3 Bb7 5. Bg2 Be7 6. O-O O-O 7. d4 Ne4 8. Nxe4
Bxe4 9. Re1 d5 10. Bf1 Bxf3 11. exf3 Nc6 12. f4 Bb4 13. Re3 Ne7 14. Qc2 c5 15.
a3 cxd4 16. Rd3 Bd6 17. cxd5 Nxd5 18. Rxd4 Rc8 19. Qd1 Bc5 20. Rd3 Qc7 21. Bg2
Nf6 22. b4 Be7 23. Bb2 a5 24. Rc1 Qa7 25. Rxc8 Rxc8 26. Bxf6 gxf6 27. f5 exf5
28. Bd5 Bf8 29. Qf3 Qd7 30. Kg2 Rc7 31. Rd4 Qe7 32. Qxf5 Qe5 33. Rg4+ Bg7 34.
Qf3 Rc3 35. Qd1 f5 36. Rf4 Bh6 37. Rf3 Rxf3 38. Bxf3 axb4 39. axb4 Bf8 40. Qd8
Qd6 41. Qg5+ Qg6 42. Qf4 h6 43. Bd5 Kg7 44. Qd4+ 1/2-1/2

[Event "Mitropa Cup 26th"]
[Site "Szeged"]
[Date "2007.05.09"]
[Round "2"]
[White "Kreisl, Robert"]
[Black "Brunello, Sabino"]
[Result "1/2-1/2"]
[WhiteElo "2289"]
[BlackElo "2454"]
[PlyCount "81"]
[EventDate "2007.05.08"]
[EventType "team-tourn"]
[EventRounds "9"]
[EventCountry "HUN"]
[Source "ChessBase"]
[SourceDate "2007.07.04"]

1. e4 e5 2. Nf3 Nc6 3. Bb5 a6 4. Ba4 Nf6 5. O-O Be7 6. Re1 b5 7. Bb3 O-O 8. c3
d5 9. exd5 Nxd5 10. Nxe5 Nxe5 11. Rxe5 c6 12. d4 Bd6 13. Re1 Qh4 14. g3 Qh3 15.
Re4 g5 16. Qf1 Qh5 17. Nd2 f5 18. Bd1 Qh6 19. Re1 f4 20. Ne4 Bh3 21. Qe2 Rae8
22. Qh5 Qxh5 23. Bxh5 Rxe4 24. Rxe4 Nf6 25. Bf3 Nxe4 26. Bxe4 Re8 27. f3 fxg3
28. hxg3 Bxg3 29. Bxg5 Kf7 30. Be3 h5 31. Bf2 Bf4 32. Kh1 Rg8 33. Rg1 Rxg1+ 34.
Kxg1 Bd7 35. b3 Ke7 36. Bg6 Kf6 37. Bxh5 Kg5 38. Bf7 Kf6 39. Bh5 Kg5 40. Bf7
Kf6 41. Bh5 1/2-1/2

[Event "Mitropa Cup 26th"]
[Site "Szeged"]
[Date "2007.05.09"]
[Round "2"]
[White "Meier, Georg"]
[Black "Marzolo, Cyril"]
[Result "1/2-1/2"]
[WhiteElo "2506"]
[BlackElo "2459"]
[PlyCount "53"]
[EventDate "2007.05.08"]
[EventType "team-tourn"]
[EventRounds "9"]
[EventCountry "HUN"]
[Source "ChessBase"]
[SourceDate "2007.07.04"]

1. Nf3 Nf6 2. g3 g6 3. Bg2 Bg7 4. O-O O-O 5. d4 d6 6. b3 c5 7. c4 Nc6 8. Bb2
cxd4 9. Nxd4 Qb6 10. e3 a5 11. Nc3 a4 12. Ndb5 axb3 13. axb3 Bg4 14. Qd2 Rfc8
15. Na4 Qd8 16. Bc3 Ra6 17. h3 Be6 18. Qb2 Qd7 19. Kh2 Na5 20. Nb6 Nxc4 21.
Nxd7 Nxb2 22. Nxf6+ Bxf6 23. Bxf6 exf6 24. Bxb7 Rxa1 25. Rxa1 Rb8 26. Nxd6 Nd3
27. Ra8 1/2-1/2

[Event "Mitropa Cup 26th"]
[Site "Szeged"]
[Date "2007.05.09"]
[Round "2"]
[White "Michalik, Peter"]
[Black "Bosiocic, Marin"]
[Result "1/2-1/2"]
[WhiteElo "2311"]
[BlackElo "2484"]
[PlyCount "111"]
[EventDate "2007.05.08"]
[EventType "team-tourn"]
[EventRounds "9"]
[EventCountry "HUN"]
[Source "ChessBase"]
[SourceDate "2007.07.04"]

1. e4 c5 2. Nc3 e6 3. f4 a6 4. g3 b5 5. Bg2 Bb7 6. d3 Nf6 7. Nf3 Be7 8. O-O d5
9. e5 Nfd7 10. Ne2 d4 11. a4 g6 12. axb5 axb5 13. Rxa8 Bxa8 14. Kh1 Nc6 15. Bd2
O-O 16. b4 Nxb4 17. Bxb4 cxb4 18. Nexd4 Qb6 19. Qd2 Rc8 20. Nb3 Nc5 21. Nfd4
Na4 22. Bxa8 Rxa8 23. Qg2 Rc8 24. Ra1 Kg7 25. g4 Bc5 26. Nf3 Be3 27. f5 h6 28.
Re1 Nc3 29. fxe6 fxe6 30. Nfd4 Nd5 31. Qe4 Bxd4 32. Qxd4 Qc6 33. Qa7+ Rc7 34.
Nd4 Rxa7 35. Nxc6 Ra2 36. Nd4 Nf4 37. Kg1 b3 38. cxb3 Rg2+ 39. Kh1 Rxg4 40. Re4
Kf7 41. Nxb5 Nxd3 42. Rxg4 Nf2+ 43. Kg2 Nxg4 44. Nd6+ Ke7 45. Nc4 h5 46. Kg3
Nh6 47. Kf4 Nf7 48. b4 g5+ 49. Ke4 Kd7 50. Nd2 g4 51. Kf4 Kc6 52. Ne4 h4 53.
Kxg4 Nxe5+ 54. Kxh4 Nf3+ 55. Kg3 Nxh2 56. Kxh2 1/2-1/2

[Event "Mitropa Cup 26th"]
[Site "Szeged"]
[Date "2007.05.09"]
[Round "2"]
[White "Mogranzini, Roberto"]
[Black "Schachinger, Mario"]
[Result "0-1"]
[WhiteElo "2421"]
[BlackElo "2249"]
[PlyCount "168"]
[EventDate "2007.05.08"]
[EventType "team-tourn"]
[EventRounds "9"]
[EventCountry "HUN"]
[Source "ChessBase"]
[SourceDate "2007.07.04"]

1. e4 e5 2. Nf3 Nc6 3. Bb5 a6 4. Ba4 Nf6 5. Qe2 b5 6. Bb3 Be7 7. c3 O-O 8. O-O
d5 9. d3 Bb7 10. Nbd2 Re8 11. a3 Qd7 12. Re1 Bf8 13. exd5 Nxd5 14. Ne4 Nf4 15.
Bxf4 exf4 16. Nfg5 Ne5 17. Qh5 h6 18. d4 Nc4 19. Bc2 Qf5 20. Nd6 Rxe1+ 21. Rxe1
Qxc2 22. Qxf7+ Kh8 23. Ne8 Rxe8 24. Qxe8 hxg5 25. Qxf8+ Kh7 26. Qf7 Qg6 27.
Qxc7 Be4 28. Qe7 Bf5 29. b3 Nd2 30. d5 Ne4 31. Qe5 Nc5 32. Qe7 Nxb3 33. h4 g4
34. Qb4 g3 35. Qxf4 gxf2+ 36. Qxf2 Qg4 37. d6 Na5 38. Qc5 Nc4 39. Qd5 Bd7 40.
Re4 Qf5 41. Qxf5+ Bxf5 42. g4 Bc8 43. Rd4 Bd7 44. a4 Ne5 45. Re4 Nxg4 46. axb5
axb5 47. Re7 Nf6 48. Kf2 Bf5 49. Ke2 Kh6 50. Re5 Bd7 51. Kd3 Ne8 52. Rd5 Nf6
53. Re5 Ne8 54. Kc2 Kg6 55. Kc1 Kf6 56. Re7 Bc6 57. Ra7 Ke6 58. Kd2 Kxd6 59.
Ke3 Bd7 60. Kd4 Nc7 61. Ra1 Ne6+ 62. Ke3 Bc6 63. Ra7 Ke5 64. Ra6 Bd5 65. Rb6
Bc4 66. Rb7 Kf5 67. Rb8 Kg4 68. Rh8 Nf4 69. Ke4 Nh5 70. Rd8 Kxh4 71. Kf5 g5 72.
Rd4+ Nf4 73. Rd1 Be2 74. Re1 Bd3+ 75. Ke5 Nh3 76. Rd1 Bc4 77. Kf5 g4 78. Rd8
Kg3 79. Ke4 Kg2 80. Rd2+ Nf2+ 81. Kf4 g3 82. Rd7 Nh3+ 83. Ke3 Kh2 84. Rd2+ g2
0-1